La Yougoslavie socialiste

Αποθηκεύτηκε σε:
Λεπτομέρειες βιβλιογραφικής εγγραφής
Κύριος συγγραφέας: Bobrowski, Czeslaw
Μορφή: Βιβλίο
Γλώσσα:Undetermined
Έκδοση: Paris Librairie A. Colin 1956
Ετικέτες: Προσθήκη ετικέτας
Δεν υπάρχουν, Καταχωρήστε ετικέτα πρώτοι!
Thư viện lưu trữ: Trung tâm Học liệu Trường Đại học Cần Thơ
LEADER 00416nam a2200157Ia 4500
001 CTU_77763
008 210402s9999 xx 000 0 und d
082 |a 330.9 
082 |b B663 
100 |a Bobrowski, Czeslaw 
245 0 |a La Yougoslavie socialiste 
245 0 |c Czeslaw Bobrowski 
260 |a Paris 
260 |b Librairie A. Colin 
260 |c 1956 
980 |a Trung tâm Học liệu Trường Đại học Cần Thơ